MARC details
| 000 -LEADER |
| campo de control de longitud fija |
02495nam a2200313 i 4500 |
| 001 - NÚMERO DE CONTROL |
| campo de control |
196368 |
| 003 - IDENTIFICADOR DE NÚMERO DE CONTROL |
| campo de control |
ES-MaACL |
| 005 - FECHA Y HORA DE LA ÚLTIMA TRANSACCIÓN |
| campo de control |
20250720091911.0 |
| 008 - DATOS DE LONGITUD FIJA--INFORMACIÓN GENERAL |
| campo de control de longitud fija |
240920b2024 sp ||||| |||| 00| 0 spa d |
| 017 ## - NÚMERO DE COPYRIGHT O DE DEPÓSITO LEGAL |
| Número de copyright o de depósito legal |
Z 518-2024 |
| Agencia que asigna |
Oficina Depósito Legal Zaragoza |
| 020 ## - NÚMERO INTERNACIONAL ESTÁNDAR DEL LIBRO |
| Número Internacional Estándar del Libro |
9788412820836 |
| 040 ## - FUENTE DE CATALOGACIÓN |
| Lengua de catalogación |
spa |
| Centro/agencia transcriptor |
ES-MaACL |
| 100 1# - ENTRADA PRINCIPAL--NOMBRE DE PERSONA |
| Nombre de persona |
Lucía Megías, José Manuel, |
| Fechas asociadas al nombre |
1967- |
| Término indicativo de función/relación |
Autor |
| 9 (RLIN) |
240291 |
| 245 ## - MENCIÓN DEL TÍTULO |
| Título |
Trento : |
| Resto del título |
(o el triunfo de la espera) / |
| Mención de responsabilidad, etc. |
José Manuel Lucía Megías ; traducción al italiano de Claudia Demattè. |
| 260 ## - PUBLICACIÓN, DISTRIBUCIÓN, ETC. |
| Lugar de publicación, distribución, etc. |
Zaragoza : |
| Nombre del editor, distribuidor, etc. |
Olifante, |
| Fecha de publicación, distribución, etc. |
2024. |
| 300 ## - DESCRIPCIÓN FÍSICA |
| Extensión |
73 páginas ; |
| Dimensiones |
14 cm |
| 336 ## - TIPO DE CONTENIDO |
| Fuente |
rdacontent |
| Término de tipo de contenido |
texto |
| 337 ## - TIPO DE MEDIO |
| Fuente |
rdamedia |
| Nombre/término del tipo de medio |
sin mediación |
| 338 ## - TIPO DE SOPORTE |
| Fuente |
rdacarrier |
| Nombre/término del tipo de soporte |
volumen |
| 520 ## - RESUMEN, ETC. |
| Sumario, etc. |
Hora es de hacer notar que la sangre de esa desazón no llegará a teñir de sangre las límpidas aguas del río, porque los días académicos italianos tocarán a su fin, y los amantes volverán a reunirse como si el tiempo no hubiese pasado, dioses en el Olimpo de un amor que, a fuer de verdadero, no puede permitirse el más ligero desmayo, la más mínima huella de un olvido. José Manuel Lucía nos cuenta todo el proceso en versos sabios, conmovedores, palpitantes de vida y emoción. Como José Manuel ha estudiado en profundidad la lírica provenzal trovadoresca, el dolce stil novo y el petrarquismo, los laberintos amorosos son para él autopistas por donde deslizarse sin esfuerzo en el plano formal, por más que en el de contenido siga primando cierto grado de sufrimiento, imprescindible si quiere uno que su poesía cale en los ánimos lectores, como es el caso (o, al menos, es mi caso). Seguros de no defraudarte, te invitamos, lector, a pasear tus ojos y tu alma por las calles verbales de este Trento fantasmagórico que, de principio a fin, no es la histórica ciudad italiana, sino un espacio de desasosiego regido por la espera del amado.<br/><br/>Luis Alberto de Cuenca |
| 700 ## - ENTRADA AGREGADA--NOMBRE PERSONAL |
| Nombre de persona |
Demattè, Claudia |
| Término indicativo de función/relación |
Traductor |
| 9 (RLIN) |
238870 |
| 852 ## - LOCALIZACIÓN |
| Ubicación |
ES-MaACL |
| Ubicación en estantería |
Depósito J |
| Número de control de estantería |
N-10110 |
| Anotaciones manuscritas |
Dedicatoria autógrafa del autor |
| Donativo/Legado |
Donación: José Manuel Lucía Megías |
| Encuadernación |
Encuadernación rústica con solapas |
| itemnumber |
206229 |
| Nota libre |
Contiene postal con una fotografía del autor y un marcapáginas de la obra |
| 903 ## - NOMBRE PERSONAL DE DONANTE |
| a |
Lucía Megías, José Manuel, |
| d |
1967- |
| e |
Donante |
| 9 |
240291 |
| 942 ## - ELEMENTOS DE ENTRADA SECUNDARIOS (KOHA) |
| Tipo de ítem Koha |
Libro impreso |
| Suprimir en OPAC |
No |